|
|
|
|
| LEADER |
01003nam a2200265 i 4500 |
| 001 |
c000146549 |
| 003 |
CARM |
| 005 |
00000000000000.0 |
| 008 |
781207s1979 mdua b 00110 eng |
| 019 |
1 |
|
|a 1324300
|5 LACONCORD2021
|
| 020 |
|
|
|a 0801821894
|
| 035 |
|
|
|a (OCoLC)4515074
|5 LACONCORD2021
|
| 043 |
|
|
|a n-us---
|
| 050 |
0 |
0 |
|a HD9502.U52
|b P5
|
| 100 |
1 |
|
|a Phillips, O. M.
|q (Owen M.),
|d 1930-
|
| 245 |
1 |
4 |
|a The last chance energy book /
|c Owen Phillips ; [ill. by Charles West].
|
| 260 |
|
|
|a Baltimore :
|b Johns Hopkins University Press,
|c c1979.
|
| 300 |
|
|
|a x, 142 p. :
|b ill. ;
|c 24 cm.
|
| 504 |
|
|
|a Includes bibliographical references and index.
|
| 650 |
|
0 |
|a Energy policy
|z United States.
|
| 650 |
|
0 |
|a Power resources
|z United States.
|
| 852 |
8 |
|
|b CARM
|h A2:AE27B0
|i B00164
|p 0009767
|f BK
|
| 082 |
0 |
4 |
|a 333.79
|
| 999 |
f |
f |
|i d0e2ed93-4eb3-5769-9b3e-1cf49d5b08ae
|s 9755a16c-8053-5441-8f41-e8f2f07461c3
|
| 952 |
f |
f |
|p Can circulate
|a CAVAL
|b CAVAL
|c CAVAL
|d CARM 1 Store
|e B00164
|f A2:AE27B0
|h Other scheme
|i book
|m 0009767
|